000 00794nam a22001817a 4500
003 BD-DhUL
005 20170514145743.0
008 170514s2000 bg a|||| |||| 00| 0 ben d
040 _aBD-DhUL
_cBD-DhUL
082 _a320.95492
_bAHB
100 1 _aআহমদ, এমাজউদ্দীন ।
245 1 0 _aবাংলাদেশ :
_cএমাজউদ্দীন আহমদ ।
_b সাম্প্রতিক কালের রাজনীতির গতি প্রকৃতি /
260 _aঢাকা :
_bহাসি,
_c২০০০ ।
300 _a১৮৮ পৃ. ;
_c ২২ সেমি ।
650 0 _aবাংলাদেশ - রাজনীতি ও সরকার ।
700 1 _aইলাহী, মোঃ মঞ্জুর ।
942 _2ddc
_cBK
999 _c195744
_d195744